| 000 | 00967nam a2200253 i 4500 | ||
|---|---|---|---|
| 001 | bg | ||
| 003 | BPK | ||
| 005 | 20191004124439.0 | ||
| 008 | s1972 pl f f |000 0 pol | ||
| 040 | _cBPK | ||
| 041 | _apol | ||
| 080 | _a621.9.06 | ||
| 080 | _a(075.8) | ||
| 100 | 1 |
_aKarpiński, Tadeusz _d(1936- ) _eAutor |
|
| 245 | 0 |
_aĆwiczenia laboratoryjne z obrabiarek. _nCz.1 / _cTadeusz Karpiński. |
|
| 260 |
_aKoszalin : _bWSI, _c1971. |
||
| 521 | _aDla studentów wszystkich specjalności. | ||
| 650 | 4 | _aObrabiarka | |
| 655 | _aĆwiczenia i zadania dla szkół wyższych | ||
| 710 | 2 |
_aWydawnictwo Uczelniane (Wyższa Szkoła Inżynierska ; Koszalin) _bWydawnictwo Uczelniane. |
|
| 856 |
_uhttp://dlibra.tu.koszalin.pl/dlibra/docmetadata?id=235&from=&dirids=1&ver_id=&lp=1&QI= _yBiblioteka Cyfrowa |
||
| 942 |
_cKS _2UKD |
||
| 856 |
_uhttp://koha.tu.koszalin.pl/cgi-bin/koha/opac-detail.pl?biblionumber=7389 _yKatalog online BPK |
||
| 999 |
_c7389 _d7389 |
||